000 00374nam a2200157Ia 4500
008 221030s9999 xx 000 0 und d
020 _a8175153601
041 _aEnglish
082 _a105.23
_bAli
100 _aS. N. Ali
245 0 _aDigital Electronics
_cby S. N. Ali
260 _bGalgotia Pub
_aNew Delhi
_c2002
300 _a380
650 _aBE Computer
942 _cBK
999 _c8230
_d8230